000 00267nam a22001337a 4500
008 180214b xxu||||| |||| 00| 0 eng d
020 _a9781133886785
041 _aeng
080 _a61
100 _a3
101 _aSHM
245 _aCOMP
_cVAN.R
942 _2udc
_cBK
999 _c42494
_d42494